Loading...
| Literature - European | 4 | 3 | 1 | 1 | 85 | 26 | 79.43 | 2 | 6 | 22.43 | 42.33 |
| Literature - American | 2 | 6 | 3 | 1 | 75 | 50 | 107.75 | 0 | 4 | 15.33 | 33.48 |
| Literature - World | 1 | 6 | 3 | 0 | 60 | 60 | 104.14 | 0 | 1 | 14.31 | 30.03 |
| Literature - British | 2 | 4 | 3 | 1 | 55 | 76 | 111.17 | 0 | 1 | 10.42 | 24.74 |
| Visual Arts | 1 | 2 | 2 | 0 | 25 | 39 | 82.00 | 1 | 1 | 9.44 | 15.95 |
| Philosophy | 0 | 4 | 3 | 1 | 25 | 80 | 107.75 | 1 | 1 | 4.73 | 12.50 |
| Science - Biology | 0 | 2 | 0 | 0 | 20 | 123 | 123.00 | 0 | 0 | 0.82 | 8.57 |
| History - World | 0 | 1 | 0 | 0 | 10 | 90 | 90.00 | 0 | 1 | 2.12 | 5.00 |
| Fine Arts - Classical Music and Opera | 0 | 1 | 0 | 0 | 10 | 107 | 107.00 | 0 | 0 | 1.22 | 3.90 |
| Modern World | 0 | 1 | 0 | 0 | 10 | 132 | 132.00 | 0 | 0 | 1.41 | 14.00 |
| Other Academic | 0 | 1 | 0 | 0 | 10 | 98 | 98.00 | 0 | 0 | 4.39 | 8.33 |
| Fine Arts - Other Arts | 0 | 1 | 0 | 0 | 10 | 117 | 117.00 | 1 | 1 | 1.09 | 7.14 |
| Science - Other | 0 | 1 | 0 | 0 | 10 | 98 | 98.00 | 0 | 0 | 1.71 | 3.92 |
| Social Science | 0 | 1 | 1 | 0 | 5 | 92 | 92.00 | 0 | 0 | 1.05 | 1.59 |
| Beliefs | 0 | 0 | 1 | 0 | -5 | 0.00 | 0 | 0 | 0.00 | 0.00 | |
| History - European | 0 | 0 | 1 | 0 | -5 | 0.00 | 0 | 0 | 0.00 | 0.00 |